000 00825 a2200241 4500
999 _c8383
_d8383
003 GBCCL
005 20241126110649.0
008 200224b ||||| |||| 00| 0 eng d
020 _a9788180699764
040 _cGBC
082 _a174.4
_bISS
245 _aIssues in ethics and applied ethics/
_cedited by Shiva Nath Prasad, Avinash Kumar Srivastava.
260 _aNew Delhi :
_bConcept Publishing Company Pvt. Ltd.,
_c2015.
300 _a5v
440 _aEthics in business, applied and environment
_n1
_914662
440 _aEthics in Feminism
_n2
_914663
440 _aSocio-Political ethics
_n3
_914664
440 _aBiomedical ethics
_n4 (part1 and 2)
_914665
440 _aMetaethics
_n5 (part1)
_914666
440 _aNormative ethics and virtue ethics
_n5 (part2)
_914667
650 _aEthics
_9173
942 _2ddc
_cBK
_04